History Quiz

Random History or Biography Quiz

History Receipts Quiz Stats

 Plays Quiz Updated Apr 4, 2019

Score 0/10 Timer 05:00
5 Plays Today
% Correct
Abraham Lincoln
97.5%
Napoleon Bonaparte
97.1%
Jesus of Nazareth
96.6%
Christopher Columbus
90.5%
Martin Luther King Jr.
87.3%
Isaac Newton
84.9%
Mother Teresa
82.2%
Galileo Galilei
75.2%
Aristotle
57.7%
Catherine the Great
54%

You're not logged in!

Compare scores with friends on all Sporcle quizzes.
OR
Log In

Sporcle TV

Today on Sporcle TV


Watch our educational content, quiz creation guides, and fun videos on Sporcle TV.

Show Comments

Extras

Top Quizzes Today


Score Distribution

Your Account Isn't Verified!

In order to create a playlist on Sporcle, you need to verify the email address you used during registration. Go to your Sporcle Settings to finish the process.

Report this User

Report this user for behavior that violates our Community Guidelines.

Details: